000 00875nam a22002417a 4500
001 ENG-90735
005 20080818121844.0
008 080818t xxu||||| |||| 00| 0 eng d
010 _aENG-90735
020 _a8189557173
_c650.00
035 _aEN-74268
037 _bDBAD / PUB
040 _aDPl
082 _a333.9511
100 _aGoel, B.R.
245 _aAn introduction to biodiversity /
_cby B.R. Goel
260 _aNew Delhi
_bArise Publishers & Distributors
_c2006
300 _aviii, 312 p. :
_bill.
_c22 cm.(Hb)
650 _aBiodiversity conservation
942 _2ddc
_cEN
_h333.9511
_mGOE
999 _c14872
_d14872